000
00315nam a22001217a 4500
008
180911b xxu||||| |||| 00| 0 eng d
041
_a
eng
080
_a
574
100
_a
9
101
_a
MJE
245
_a
Competitive Use and Conservation Strategies for Water and Natural Resources
_c
Soares, A.A
942
_2
udc
_c
BK
999
_c
47688
_d
47688